Рецепція української фольклорної традиції в арабських джерелах ІХ-ХІІ століть (Запис № 461059)

МАРК-запис
000 -Лідер
fixed length control field 03700nam a22002657a 4500
001 - Контрольний номер
control field 216219077
003 - Ідентифікатор контрольного номера
control field UA-OsUOA
005 - Дата та час останнього входження (трансакції)
control field 20210103181759.0
008 - Елементи даних фіксованої довжини – загальна інформація
fixed length control field 200817b un ||||| m||| 00| 0 ukr d
040 ## - Джерело каталогізації
Агенція оригінальної каталогізації UA-OsUOA
Мова каталогізації ukr
Агенція, яка здійснювала перезапис UA-OsUOA
Агенція, яка здійснювала модифікацію UA-OsUOA
041 ## - Код мови
Код мови тексту/ звукової доріжки чи окремого заголовка (П) ukr
080 ## - Індекс Універсальної десяткової класифікації
Індекс Універсальної десяткової класифікації (УДК) (НП) 801.81:908(=161)]:930.2(=411.21)"08/11"
090 ## - Локальний шифр розміщення
Класифікаційний індекс УДК 801.81:908(=161)]:930.2(=411.21)"08/11"
095 ## - Код спеціальності для авторефератів
Код спеціальності 10.01.07
Назва спеціальності фольклористика
100 ## - Основне введення – ім’я особи
Ім’я особи (НП) Мартиняк І. Я.
245 ## - Відомості про назву
Назва (НП) Рецепція української фольклорної традиції в арабських джерелах ІХ-ХІІ століть
Дані про відповідальність (НП) Мартиняк Ірина Ярославівна ; наук. керівник Гарасим Ярослав Іванович
260 ## - Публікація, розповсюдження і т.п. (Вихідні дані)
Місце публікації, розповсюдження і т.п. (П) Львів
Дата публікації, розповсюдження і т.п. (П) 2018
300 ## - Фізичний опис
Обсяг 20 с.
502 ## - Примітка про дисертацію
Зв'язок Автореферат дисертації на здобуття наукового ступеня кандидата філологічних наук<br/>
Наймення інституції, що представляється Львівський національний університет імені Івана Франка
Рік отримання вченого ступеня 2018
520 ## - Резюме і т.п.
Резюме, реферат, анотація, тощо (НП) У дисертації здійснено новаторський підхід до вивчення арабських джерел ІХ–ХІІ століть, розглянувши їх крізь призму фольклористики у широкому значенні. Розширивши предметне значення фольклору до всіх явищ матеріальної та духовної культури, які охоплюють мову, слово, поезію, музику, танці, жести, міфи, обряди, ремесла, архітектуру та інші різновиди художньої творчості, арабські джерела залучено до тлумачення певних явищ, які згодом мали місце у багатовіковій історії українського народу, яку свідомо заперечували і яку замовчували у радянський час. <br/>Врахувавши хронологічний поділ арабських джерел з історії слов’ян, проаналізовано географічно-описові праці, написані у ІХ–ХІІ століттях. На противагу джерелам більш раннього та пізнішого періоду, вони містять переважно оригінальну інформацію, в основі якої є відомості арабських купців та мандрівників про східних слов’ян та русів. Доступні нам фрагменти про русів та слов’ян досліджено з погляду того, наскільки інформація, подана у них, знаходить своє відображення у нашому фольклорі, чи є аналоги або водночас приклади існування того чи іншого явища на наших теренах, чи справді та інформація, яку подають арабські мандрівники про східних слов’ян та русів не є чужою для нашої фольклорної традиції.
650 ## - Додаткове предметне введення – тематичний термін
Джерело заголовка чи терміна UDC
Тематичний термін чи географічна назва, як елемент введення (НП) 801.8 Джерела лінгвістики та філології
942 ## - Додаткові елементи входу (Коха)
Source of classification or shelving scheme Universal Decimal Classification
Тип елемента Koha Автореферат
955 ## - Код типу видання за змістом
Код типу видання за змістом (НП) Наукові видання

Немає доступних примірників.